Wszystkie stacje kolejowe w Bydgoszczy - Statystyki

Ogólne statystyki
  • Ten quiz został rozwiązany 24 razy
  • Średni wynik to 9 z 12
Statystyki odpowiedzi
Hint Odpowiedź % Poprawnych
2 Wschód
100%
1 Główna
95%
7 Fordon
91%
5 Leśna
86%
10 Błonie
82%
4 Łęgnowo
77%
3 Zachód
77%
6 Bielawy
68%
8 Politechnika
64%
9 Brdyujście
59%
11 Osowa Góra
59%
12 Rynkowo Wiadukt
50%
Nie znaleziono quizów pasujących do podanych kryteriów
Rozkład punktacji
Procent ludzi z każdym wynikiem
Percentyl według liczby udzielonych odpowiedzi
Twoja historia wyników
Nie rozwiązałeś tego quizu